00714nam a2200205 i 45000010005000000030008000050050017000130080039000300350018000690400032000870410008001190820024001271000021001512450140001722500048003122600057003603000020004175040047004376500024004844657BD-RjUL20211208233931.0131223s1976 ii b 000 0 eng a(BD-RjUL)4692 aDLCcDLCdDLCdBD-RjULbeng aeng00a333.10954bTHA 19811 aThorner, Daniel.14aThe agrarian prospect in India :bfive lectures on land reform delivered in 1955 at the Delhi School of Economics /cby Daniel Thorner. a2d ed., with a new introd. written in 1973. aBombay :bAllied Publishers,c1976 [Reprinted 1981]. a82 p. ;c22 cm. a"Postscript and bibliography": p. [78]-82. 0aLand tenurezIndia.